000 01129nam0a22002531 4500
001 rc\538640
005 20260407015951.0
035 _a(NLR Aleph) 005775713
090 _a5075380
_c5075380
100 _a20030616d1987 |||y0rusy50 ca
101 0 _arus
102 _aRU
105 _aa |||||||||
200 1 _aТЕХНОЛОГИЯ добычи самородной серы
_eСб. науч. тр.
_fВсесоюз. н.-и. и проект. ин-т серн. пром-сти (ВНИПИсера)
_gПод ред. к. г.-м. н. А.М. Гайдина
210 _aМ.
_cНИИТЭХИМ
_d1987 (вып. дан. 1988)
215 _a127, 16 с., [3] л. карт.
_cил.
_d20
320 _aБиблиогр. в конце ст.
702 1 _aГайдин
_bА.М.
_gАнатолий Маркович
_4340
712 0 2 _aВсесоюзный научно-исследовательский и проектный институт серной промышленности
_cЛьвов
_3RU\NLR\AUTH\8810004611
_9506534
801 0 _aRU
_bNLR
_gpsbo
801 1 _aRU
_bELAR
_2rusmarc
852 _aNLR
_j88-3/14959
942 _cBOOK
980 _aNB